000 00462nam a2200193Ia 4500
008 240510s9999 xx 000 0 und d
020 _a043582418X
041 _aEng
082 _a519.253
082 _bH53
100 _aHOINVILLE, Gerald, (et-al)
245 0 _aSurvey research practice
260 _bLondon : Heinemann
260 _c1977
300 _a228 p.
650 _aSample surveys : Survey research statistics
942 _2ddc
942 _cLBK
999 _c25339
_d25339
945 _a1
_bMadushi Gamage
_c1
_dMadushi Gamage